French west africa / (Record no. 130548)

MARC details
000 -LEADER
fixed length control field 00737nam a22002417a 4500
005 - DATE AND TIME OF LATEST TRANSACTION
control field 20170124110113.0
010 ## - LIBRARY OF CONGRESS CONTROL NUMBER
LC control number 194164
020 ## - INTERNATIONAL STANDARD BOOK NUMBER
Terms of availability 00.00
035 ## - SYSTEM CONTROL NUMBER
System control number 194164
037 ## - SOURCE OF ACQUISITION
Source of stock number/acquisition Cen Lib/Ret
040 ## - CATALOGING SOURCE
Original cataloging agency DPL
Language of cataloging EN
082 ## - DEWEY DECIMAL CLASSIFICATION NUMBER
Classification number 966.1
Item number THO
100 ## - MAIN ENTRY--PERSONAL NAME
Personal name Thompson, Virginia
9 (RLIN) 29476
245 ## - TITLE STATEMENT
Title French west africa /
Statement of responsibility, etc by Virginia Thompson [and] Richard Adolff
260 ## - PUBLICATION, DISTRIBUTION, ETC. (IMPRINT)
Name of publisher, distributor, etc George Allen & Unwin
Place of publication, distribution, etc London
Date of publication, distribution, etc 1958
270 ## - ADDRESS
City London
Address museum street
300 ## - PHYSICAL DESCRIPTION
Extent 626p.
Dimensions 21cm(Hb)
500 ## - GENERAL NOTE
General note Includes bibliographical references and index
650 ## - SUBJECT ADDED ENTRY--TOPICAL TERM
Topical term or geographic name as entry element Political science
9 (RLIN) 29477
650 ## - SUBJECT ADDED ENTRY--TOPICAL TERM
Topical term or geographic name as entry element Political development
Geographic subdivision Africa
9 (RLIN) 29478
700 ## - ADDED ENTRY--PERSONAL NAME
Personal name Adoff, Richard
9 (RLIN) 29479
942 ## - ADDED ENTRY ELEMENTS (KOHA)
Source of classification or shelving scheme Dewey Decimal Classification
Koha item type English Books
Classification part 966.1
Call number suffix THO
Holdings
Withdrawn status Lost status Damaged status Not for loan Home library Current library Date acquired Source of acquisition Cost, normal purchase price Total Checkouts Full call number Barcode Date last seen Copy number Cost, replacement price Price effective from Koha item type
        Central Library Central Library 09/07/2015 Cen Lib/Ret 0.00   966.1 THO 194164 09/07/2015 1 0.00 09/07/2015 English Books

© Delhi Public Library
Hit Counter
free hit counter